Satunnaisia peräkkäisiä Afrikan valtioita kartalla - Statistics

Yleistilastot
  • Tätä visaa on pelattu 1 963 kertaa
    1 577 viimeisimmän päivityksen jälkeen
  • Keskiarvotulos 41 / 54
Vastaukset kartalla
Vastauksille on annettu kartalla punavihreä väri sen mukaan, kuinka moni on saanut sen oikein.
 
Vastaustilastot
Valtio % Oikein
Egypti
80%
Algeria
79%
Etelä-Afrikka
79%
Etiopia
79%
Kap Verde
79%
Kenia
79%
Libya
79%
Madagaskar
79%
Niger
79%
Somalia
79%
Eritrea
78%
Kongon demokraattinen tasavalta
78%
Lesotho
78%
Mali
78%
Mauritania
78%
Tansania
78%
Tunisia
78%
Zimbabwe
78%
Benin
77%
Botswana
77%
Djibouti
77%
Etelä-Sudan
77%
Keski-Afrikan tasavalta
77%
Marokko
77%
Mosambik
77%
Namibia
77%
Nigeria
77%
São Tomé ja Príncipe
77%
Senegal
77%
Seychellit
77%
Sudan
77%
Swazimaa
77%
Togo
77%
Tšad
77%
Uganda
77%
Angola
76%
Gambia
76%
Kamerun
76%
Komorit
76%
Malawi
76%
Mauritius
76%
Norsunluurannikko
76%
Sambia
76%
Ghana
75%
Kongon tasavalta
75%
Ruanda
75%
Burkina Faso
74%
Burundi
74%
Gabon
74%
Guinea
74%
Guinea-Bissau
74%
Päiväntasaajan Guinea
74%
Liberia
73%
Sierra Leone
73%
Ehtoja vastaavia visoja ei löytynyt
Tulosjakauma
Jokaisen tuloksen saaneiden osuus
Persentiili vastausten määrän mukaan
Tuloshistoriasi
Et ole pelannut tätä visaa sen viimeisimmän päivityksen jälkeen